|
|
|
|
| LEADER |
00000nab a2200000 a 4500 |
| 001 |
vtls010284454 |
| 003 |
SK-MaSNL |
| 005 |
20260303162138.0 |
| 008 |
171110c2011 xo wr 0 0slo |
| 038 |
|
|
|a SLLK
|
| 040 |
|
|
|a SLLK
|b slo
|c sllk
|e AACR2
|
| 041 |
|
|
|a slo
|
| 044 |
|
|
|a xo
|c SK
|
| 080 |
|
|
|a 351.856.2
|2 2001
|
| 080 |
|
|
|a 796.077.2
|2 2001
|
| 245 |
0 |
0 |
|a Ocenili naj-športovcov
|c Text a foto (mv)
|
| 300 |
|
|
|b Fotogr.
|
| 600 |
1 |
7 |
|a Grib, Tomáš
|2 sllk
|9 1046249
|
| 600 |
1 |
7 |
|a Hlinka, Michal,
|d 1981-
|2 sllk
|9 198960
|
| 600 |
1 |
7 |
|a Vorobeľ, Adam,
|d 1995-
|2 sllk
|9 1034392
|
| 600 |
1 |
7 |
|a Truska, Samuel
|2 sllk
|9 1097646
|
| 600 |
1 |
7 |
|a Kaleta, Jakub
|2 sllk
|9 1085592
|
| 600 |
1 |
7 |
|a Imrich, Dominik
|2 sllk
|9 1083192
|
| 600 |
1 |
7 |
|a Bukovinová, Zuzana
|2 sllk
|9 1043587
|
| 600 |
1 |
7 |
|a Husár, Dominik
|2 sllk
|9 1093270
|
| 600 |
1 |
7 |
|a Fröhlichová, Nataša
|2 sllk
|9 1185418
|
| 600 |
1 |
7 |
|a Wislocký, Maroš
|2 sllk
|9 1185413
|
| 648 |
|
7 |
|a 2011
|2 snkbucl
|9 328311
|
| 650 |
0 |
7 |
|a osobnosti
|2 snkbucl
|9 29820
|
| 650 |
0 |
7 |
|a šport
|2 snkbucl
|9 1042
|
| 650 |
0 |
7 |
|a najúspešnejší reprezentanti mesta
|x šport
|y 2010
|z Stará Ľubovňa (Slovensko)
|2 sllk
|9 1185419
|
| 651 |
|
7 |
|a Stará Ľubovňa (Slovensko)
|2 sllk
|9 19193
|
| 773 |
0 |
|
|t Ľubovnianske noviny
|g Roč. XXXVII, č. 15 (2011), s. 8
|
| 999 |
|
|
|c 2052421
|d 2054351
|